Top 5 Songs On My Iron Lung (Radiohead) - Statistics

General Stats
  • This quiz has been taken 16 times
  • The average score is 2 of 5
Answer Stats
Hint Answer % Correct
44,462,074 My Iron Lung
100%
2,625,437 The Trickster
46%
2,707,210 Permanent Daylight
31%
1,691,078 You Never Wash Up After Yourself
23%
1,885,343 Punchdrunk Lovesick Singalongs
0%
No matching quizzes found
Score Distribution
Percent of People with Each Score
Percentile by Number Answered
Your Score History
You have not taken this quiz